<?xml version="1.0" encoding="UTF-8"?>
<record
    xmlns:xsi="http://www.w3.org/2001/XMLSchema-instance"
    xsi:schemaLocation="http://www.loc.gov/MARC21/slim http://www.loc.gov/standards/marcxml/schema/MARC21slim.xsd"
    xmlns="http://www.loc.gov/MARC21/slim">

  <leader>02159nam a2200289Ia 4500</leader>
  <controlfield tag="001"> 6201</controlfield>
  <controlfield tag="003">IT-RoPAU</controlfield>
  <controlfield tag="008">130308s9999    xx            000 0 und d</controlfield>
  <datafield tag="040" ind1=" " ind2=" ">
    <subfield code="a">IT-RoPAU</subfield>
  </datafield>
  <datafield tag="040" ind1=" " ind2=" ">
    <subfield code="c">IT-RoPAU</subfield>
  </datafield>
  <datafield tag="041" ind1=" " ind2=" ">
    <subfield code="a">ITALIANO</subfield>
  </datafield>
  <datafield tag="100" ind1=" " ind2=" ">
    <subfield code="a">Della Ratta Donatella</subfield>
  </datafield>
  <datafield tag="100" ind1=" " ind2=" ">
    <subfield code="g">Codice Aut. SPICS: 58461</subfield>
  </datafield>
  <datafield tag="245" ind1=" " ind2=" ">
    <subfield code="a">Al Jazeera. Media  e societ&#xE0; arabe nel nuovo millennio</subfield>
  </datafield>
  <datafield tag="245" ind1=" " ind2=" ">
    <subfield code="b">Folklore Esotico: ricostruzioni fedeli e Arbitrarie</subfield>
  </datafield>
  <datafield tag="250" ind1=" " ind2=" ">
    <subfield code="a">1a ed.</subfield>
  </datafield>
  <datafield tag="260" ind1=" " ind2=" ">
    <subfield code="a">MILANO</subfield>
  </datafield>
  <datafield tag="260" ind1=" " ind2=" ">
    <subfield code="b">Mondadori Bruno</subfield>
  </datafield>
  <datafield tag="260" ind1=" " ind2=" ">
    <subfield code="c">2005 [1&#xB0; Ed.:2005 - Ed.Ling.Originale:2005]</subfield>
  </datafield>
  <datafield tag="300" ind1=" " ind2=" ">
    <subfield code="a">"264 p. (prefazione: no ; testo: 264 [pagine: 0-0])"</subfield>
  </datafield>
  <datafield tag="500" ind1=" " ind2=" ">
    <subfield code="a">"Al Jazeera, Rivoluzione o Provocazione? I Media Arabi Prima e Dopo Guerra del Golfo: Prima della Guerra, Duopolio Egitto Arabia Saudita; caratteristiche Sistema Media Arabi (Unitarismo Arabo o Panarabismo; Transnazionalismo;Mobilitazione); Ascesa potenza Mediale Egiziana e Contrattacco Saudita; Periferie imperi Mediali Arabi; Informazione televisiva Prima della Guerra; riconfigurazione Media Dopo la Guerra. Ii Ascesa regionale di al Jazeera: Nuovi network Panarabi (Middle East broadcasting Center   Mbc; Arab Radio Andtelevision   Art; Orbit; strada Verso al Jazeera, fallimento Informazione Sui network Panarabi Sauditi; Particolarit&#xE0; mercato Televisivo Panarabo); al Jazeera, Filosofia Editoriale e Programmazione; doppio Gioco del Qatar, Politica Estera e Strategia Mediale. III tutti contro al Jazeera: Perche' Occidente Non Capisce al Jazeera (Opinione e Opinione Contraria Come Strategia Editoriale e Politica; Terminologia e Oggettivit&#xE0; Contestuale; Ambiguit&#xE0; Pubblico/Privato; Ideologia Versus Business; Panarabismo e Panislamismo;Mobilitazione Satellitare); Perche' Mondo Arabo Non Acceta al Jazeera; Usae Arabia Saudita, Chi &#xE8; vero nemico di al Jazeera? Iv al Jazeera Dopo L'11 Settembre: Guerra All'Iraq e Ricadute Sui Media; Apertura mercato regionale Alla Concorrenza; Non Solo News; Democrazia Puo Nascere Dai Media? Biblio"</subfield>
  </datafield>
  <datafield tag="650" ind1=" " ind2=" ">
    <subfield code="a">SAGGI DI COMUNICAZIONE SOCIALE</subfield>
  </datafield>
  <datafield tag="650" ind1=" " ind2=" ">
    <subfield code="e">Codice materia Spics: 3807</subfield>
  </datafield>
  <datafield tag="942" ind1=" " ind2=" ">
    <subfield code="c">BK</subfield>
  </datafield>
  <datafield tag="957" ind1=" " ind2=" ">
    <subfield code="7">1</subfield>
  </datafield>
  <datafield tag="999" ind1=" " ind2=" ">
    <subfield code="c">89596</subfield>
    <subfield code="d">89596</subfield>
  </datafield>
  <datafield tag="999" ind1=" " ind2=" ">
    <subfield code="g">1</subfield>
  </datafield>
  <datafield tag="952" ind1=" " ind2=" ">
    <subfield code="0">0</subfield>
    <subfield code="1">0</subfield>
    <subfield code="4">0</subfield>
    <subfield code="6">6201_000000000000000</subfield>
    <subfield code="7">1</subfield>
    <subfield code="a">SPICS</subfield>
    <subfield code="b">SPICS</subfield>
    <subfield code="d">2013-03-08</subfield>
    <subfield code="l">0</subfield>
    <subfield code="o"> 6201</subfield>
    <subfield code="r">2013-03-08 00:00:00</subfield>
    <subfield code="w">2013-03-08</subfield>
    <subfield code="y">BK</subfield>
    <subfield code="z">Progressivo inserimento:  15256 /  N. Volumi: 1 Copie: 1  / data import: 1 marzo 2013 - By Epidotti, Trombetti, Vaglietti. </subfield>
  </datafield>
</record>
